| 000 | 00910cam a2200301 i 4500 | ||
|---|---|---|---|
| 001 | 014629871 | ||
| 003 | EG-ScBUE | ||
| 005 | 20230507103242.0 | ||
| 008 | 080208t2008 enko f 000 0ceng d | ||
| 020 | _a9780500976777 | ||
| 040 |
_aUKM _beng _erda _cUKM _dBTCTA _dBAKER _dEG-ScBUE |
||
| 043 | _ae-ne--- | ||
| 082 | 0 | 4 |
_a779 _bWOR _222 |
| 245 | 0 | 0 |
_aWorld Press Photo 08 / _c[editor, Kari Lundelin] |
| 264 | 1 |
_aLondon : _bThames & Hudson, _c[2008] |
|
| 264 | 4 | _cc2008 | |
| 300 |
_a155 pages : _bphotographs ; _c30 cm |
||
| 336 |
_2rdacontent _atext _btxt |
||
| 337 |
_2rdamedia _aunmediated _bn |
||
| 338 |
_2rdacarrier _avolume _bnc |
||
| 650 | 7 |
_aPhotojournalism _xAwards _zNetherlands. _2BUEsh |
|
| 650 | 7 |
_aTwenty-first century _vPictorial works. _2BUEsh |
|
| 651 | _2BUEsh | ||
| 653 |
_bCOMAME _cJune2015 |
||
| 655 | _vReading book | ||
| 700 | 1 |
_aLundelin, Kari, _eeditor. |
|
| 942 |
_2ddc _k779 WOR _cBB |
||
| 999 |
_c19785 _d19757 |
||